[Event "Andalucia-chB"]
[Site "Linares"]
[Date "2025.05.23"]
[Round "1"]
[White "Diaz Rodriguez, Jose Antonio"]
[Black "Paz Garcia, Alejandro"]
[Result "1-0"]
[WhiteElo "1991"]
[BlackElo "1754"]
[PlyCount "20"]
[EventDate "2025.05.23"]
[EventType "swiss"]
[EventRounds "7"]
[EventCountry "ESP"]
[SourceTitle "CB22_2025"]
[SourceDate "2025.05.28"]
[SourceVersion "1"]
[SourceVersionDate "2025.05.28"]
[SourceQuality "1"]

1. e4 c5 2. Nf3 g6 3. Bc4 Bg7 4. 0-0 Nc6 5. c3 d6 6. d3 Bg4 7. Bxf7+ Kxf7 8. Ng5+ Ke8 9. Qxg4 Ne5 10. Qh3 Nf6 1-0